Effect of inoranic fertilizer application on gelatinization temperature and grain elongation of rice in field, (ឥទ្ធិពលនៃការប្រើប្រាស់ជីអសិរីរាង្គទៅលើសីតុណ្ហភាពអន្ធិលកម្ម​ និងភាពរីកនៃសាច់គ្រាប់អង្កនៅក្នុងល័ក្ខខ័ណ្ឌស្រែ) (Record no. 2009)

000 -LEADER
fixed length control field 00789nam a22001577a 4500
003 - CONTROL NUMBER IDENTIFIER
control field OSt
005 - DATE AND TIME OF LATEST TRANSACTION
control field 20151006111229.0
008 - FIXED-LENGTH DATA ELEMENTS--GENERAL INFORMATION
fixed length control field 151006b xxu||||| |||| 00| 0 eng d
040 ## - CATALOGING SOURCE
Transcribing agency RUA
082 ## - DEWEY DECIMAL CLASSIFICATION NUMBER
Classification number AGR KON 2001 B026 Or.1
100 ## - MAIN ENTRY--PERSONAL NAME
9 (RLIN) 2138
Personal name KONG SIDETH
245 ## - TITLE STATEMENT
Title Effect of inoranic fertilizer application on gelatinization temperature and grain elongation of rice in field, (ឥទ្ធិពលនៃការប្រើប្រាស់ជីអសិរីរាង្គទៅលើសីតុណ្ហភាពអន្ធិលកម្ម​ និងភាពរីកនៃសាច់គ្រាប់អង្កនៅក្នុងល័ក្ខខ័ណ្ឌស្រែ)
260 ## - PUBLICATION, DISTRIBUTION, ETC. (IMPRINT)
Place of publication, distribution, etc. phnom penh
Name of publisher, distributor, etc. rua
Date of publication, distribution, etc. 2001
300 ## - PHYSICAL DESCRIPTION
Extent 68p.
Other physical details ill.
Dimensions 29cm.
942 ## - ADDED ENTRY ELEMENTS (KOHA)
Source of classification or shelving scheme
Koha item type AGR
Holdings
Price effective from Date last seen Permanent Location Not for loan Date acquired Source of classification or shelving scheme Koha item type Barcode Lost status Damaged status Shelving location Withdrawn status Current Location Full call number
2015-10-062015-10-06Library Block B 2015-10-06 AGRRUA027467  B026 Library Block BAGR KON 2001 B026 Or.1
មជ្ឈមណ្ឌលឯការនៃសាកលវិទ្យាល័យភូមិន្ទកសិកម្មចំការដូង

Powered by Koha